01298pam a2200277 a 4500999001700000001000700017005001700024008004100041010001700082020002200099050002300121100002300144245011500167260006900282300004100351500012900392504003000521600005900551600005100610650005200661650007600713710003800789710003300827942003500860952012500895 c18557d1855751765120170113083619.0861126s1987 caua cb 000 0 eng  a 86027738  a0875871356 (pbk.)00aNK4150.6 .P73 19871 aPratapaditya, Pal.10aIcons of piety, images of whimsy :bAsian terra-cottas from the Walter-Grounds Collection /cPratapaditya Pal. aLos Angeles, Calif. :bLos Angeles County Museum of Art,cc1987. a124 p. :bill. (some col.) ;c30 cm. aCatalog of an exhibition held by the Los Angeles County Museum of Art and circulated by the American Federation of the Arts. aBibliography: p. 121-123.10aGrounds, Marilyn WalterxArt collectionsxExhibitions.10aWalter, Paul F.xArt collectionsxExhibitions. 0aTerra-cotta figurineszSouth AsiaxExhibitions. 0aTerra-cotta figurinesxPrivate collectionszUnited StatesxExhibitions.2 aLos Angeles County Museum of Art.2 aAmerican Federation of Arts. 2lcccBOOKShNK4150.6 .P73 1987 00102lcc4070aMUCbMUCcTECHd2017-01-13eDonation (BFA)l0oNK4150.6 .P73 1987p29320r2018-06-08w2017-01-13yBOOKS